| 000 | 00452cam a2200157ua 4500 | ||
|---|---|---|---|
| 041 |
_aeng _h |
||
| 082 |
_a631.45 _bGIL/WA |
||
| 100 | _aGil, N . | ||
| 245 |
_aWatershed development with special reference to soil and water conservation / _cN Gil. _hTextual Documents |
||
| 250 |
_a1 / _b. |
||
| 260 |
_aRome : _bFood and Agriculture organization of United States , _c1985. |
||
| 300 | _a257 ; . | ||
| 504 | _a | ||
| 942 | _cBK | ||
| 999 |
_c8526 _d8526 |
||